000 00547nam a2200193Ia 4500
005 20260114185630.0
008 008 260114s9999 xx 000 0 eng d
020 _a9781472895066
037 _aEBOOK
040 _aCRL
_beng
_cCRL
041 _aeng
_2eng
084 _qCRL
100 _aAdrian Goldsworthy
_9872455
245 0 _aCaesar's Civil War 49?44 BC
260 _bBloomsbury
_c2016
856 _uhttps://doi.org/10.5040/9781472895066?locatt=label:secondary_bloomsburyCollections
942 _cEBOOK
999 _c1471403
_d1471403